000 00439cam a2200169ua 4500
003 OSt
008 250823b |||||||| |||| 00| 0 eng d
020 _a81-7024-671-7
041 _aeng
082 _a628
_bTRI/AD
100 _aTrivedy, R K.
_97774
245 _aAdvances in environmental science and technology, Vol 1 /
250 _a1 /
260 _aNew Delhi :
_bAshish Publishing House ,
_c1995.
300 _a342 ; .
942 _cBK
999 _c9747
_d9747